[Event "XIII MIEDZYNARODOWY FESTIWAL SZACHOWY PERLA BALTYKU - GRUPA A"]
[Site "LAZY - OW BRYZA"]
[Date "1899-12-30"]
[Round "6.9"]
[White "Szmidt, Przemyslaw"]
[Black "Wacior, Maciej"]
[Result "1/2-1/2"]
[WhiteTitle "I++"]
[BlackTitle "I++"]
[WhiteElo "1856"]
[BlackElo "2025"]

1. e4 c6 2. d4 d5 3. Nd2 dxe4 4. Nxe4 Bf5 5. Ng3 Bg6 6. h4 h6 7. Nf3 Nd7 8. h5
Bh7 9. Bd3 Bxd3 10. Qxd3 e6 11. Bd2 Qc7 12. O-O-O O-O-O 13. Kb1 Ngf6 14. Ne4 Nc5
15. Nxc5 Bxc5 16. Qc4 Bd6 17. Qe2 Rd7 18. Ne5 Bxe5 19. dxe5 Nd5 20. c4 Ne7 21.
Bb4 Rxd1+ 22. Rxd1 c5 23. Bc3 Rd8 24. Rxd8+ Qxd8 25. a3 Nc6 26. Qe3 Qd1+ 27. Ka2
Nd4 28. Bxd4 cxd4 29. Qf4 Qd3 30. Qxf7 Qxc4+ 31. Kb1 d3 32. Qf8+ Kd7 33. Qxg7+
Kc6 34. Qf8 Qc2+ 35. Ka2 Qc4+ 36. Kb1 Qc2+ 37. Ka2 1/2-1/2

[Event "XIII MIEDZYNARODOWY FESTIWAL SZACHOWY PERLA BALTYKU - GRUPA A"]
[Site "LAZY - OW BRYZA"]
[Date "1899-12-30"]
[Round "6.10"]
[White "Budnik, Mateusz"]
[Black "Darowicki, Mariusz"]
[Result "1-0"]
[WhiteTitle "I++"]
[BlackTitle "I++"]
[WhiteElo "1989"]
[BlackElo "1931"]

1. e4 Nc6 2. d4 d5 3. e5 Bf5 4. Nf3 e6 5. c3 Nge7 6. Nbd2 a6 7. Nh4 Bg6 8. Nxg6
hxg6 9. Nf3 Nf5 10. Bd3 Nh4 11. Nxh4 Qxh4 12. h3 Be7 13. Qe2 Qh5 14. Be3 Qxe2+
15. Kxe2 Nb8 16. b4 Nd7 17. Rhb1 O-O 18. a4 Rfc8 19. a5 c6 20. f4 Nf8 21. g4 f5
22. Rg1 Kf7 23. Rg2 Nh7 24. Rag1 Rg8 25. h4 fxg4 26. Rxg4 Nf8 27. Bf2 Rh8 28.
Bxg6+ Nxg6 29. Rxg6 Rag8 30. R6g4 g6 31. Kf3 Rh6 32. Rh1 Rgh8 33. Be1 Bd8 34.
Rhg1 R8h7 35. R1g2 Be7 36. Ke2 Rh8 37. Kf3 R8h7 38. Rh2 Rh8 39. Kg3 Rh5 40. Kh3
R5h6 41. Rc2 Rd8 42. Rgg2 Rdh8 43. Rg4 Rd8 44. Rh2 Rdh8 45. Kg2 Rh5 46. Kg1 R8h6
47. Kg2 Rh8 48. Kh3 R5h6 49. Bg3 Rh5 50. Rc2 Rd8 51. Rf2 Rdh8 52. Rg2 R5h6 53.
Rh2 Rh5 54. Kg2 R5h6 55. Kf3 Rh5 56. Ke3 R5h6 57. Kd3 Rd8 58. Be1 Rdh8 59. Rhg2
R8h7 60. c4 dxc4+ 61. Kxc4 Rh8 62. Bd2 Bxh4 63. Kc5 Bd8 64. R4g3 Bh4 65. Rf3 Bd8
66. f5 exf5 67. Bxh6 Rxh6 68. Kd6 Rh4 69. Rd3 g5 70. Kd7 Be7 71. Kc7 g4 72. Kxb7
Bxb4 73. Kxc6 Rh6+ 74. Kd7 Rh7 75. d5 Kg6+ 76. Kc6 Bxa5 77. d6 Bd8 78. e6 Kf6
79. Re3 a5 80. Rf2 g3 81. Rxg3 Kxe6 82. Rg8 Bh4 83. Re2+ Kf7 84. Ra8 Kg6 85. Rh2
Kg5 86. d7 Rxd7 87. Kxd7 Bg3 88. Rhh8 f4 89. Rxa5+ Kg4 90. Rf8 Be1 91. Raf5 1-0

[Event "XIII MIEDZYNARODOWY FESTIWAL SZACHOWY PERLA BALTYKU - GRUPA A"]
[Site "LAZY - OW BRYZA"]
[Date "1899-12-30"]
[Round "6.11"]
[White "Pietrucha, Jaroslaw"]
[Black "Litner, Igor"]
[Result "0-1"]
[WhiteTitle "I"]
[BlackTitle "I+"]
[WhiteElo "1847"]
[BlackElo "1949"]

1. e4 c6 2. d4 d5 3. exd5 cxd5 4. c3 Nf6 5. Nf3 g6 6. Bd3 Bg7 7. Bf4 O-O 8. O-O
Bg4 9. Nbd2 Nh5 10. Bg3 f5 11. h3 Nxg3 12. fxg3 Bxf3 13. Nxf3 Qd6 14. Qe1 Nc6
15. Ng5 e5 16. dxe5 Bxe5 17. g4 fxg4 18. hxg4 Rxf1+ 19. Qxf1 Rf8 20. Qe2 Qc5+
21. Kh1 Qe7 22. Nf3 Qg7 23. Nxe5 Re8 24. Qf3 Rxe5 25. Rf1 Qe7 26. Bb5 Kg7 27.
Bxc6 bxc6 28. c4 Re3 29. Qd1 Qe4 30. cxd5 Re2 31. Rg1 Qxg4 32. Qd3 cxd5 33. Qc3+
d4 34. Qc7+ Kh6 35. Qh2+ Kg5 36. Rc1 Qh4 37. Qxh4+ Kxh4 38. Rd1 Re4 39. b4 Kg3
40. a4 Kf2 41. Rd2+ Ke1 42. Rd3 Ke2 43. Ra3 d3 44. b5 d2 0-1

[Event "XIII MIEDZYNARODOWY FESTIWAL SZACHOWY PERLA BALTYKU - GRUPA A"]
[Site "LAZY - OW BRYZA"]
[Date "1899-12-30"]
[Round "6.12"]
[White "Kapral, Krzysztof"]
[Black "Stylinski, Piotr"]
[Result "1-0"]
[WhiteTitle "k"]
[BlackTitle "I"]
[WhiteElo "1939"]
[BlackElo "1815"]

1. d4 d5 2. Nf3 Nf6 3. e3 e6 4. Bd3 Bd6 5. O-O O-O 6. b3 b6 7. Bb2 Bb7 8. Nbd2
Nbd7 9. Ne5 c5 10. f4 a6 11. a4 Qe7 12. Qe2 Rfe8 13. Kh1 Nf8 14. Rad1 Rec8 15.
c4 cxd4 16. exd4 Bb4 17. f5 exf5 18. Rxf5 Ng6 19. Ndf3 Rf8 20. Qc2 Rac8 21. Ng5
Rc7 22. Rdf1 dxc4 23. bxc4 Nh4 24. R5f2 Nxg2 25. Rxg2 Ng4 26. Bxh7+ Kh8 27. Be4
Qxg5 28. Rxg4 Qe7 29. Bxb7 Rxb7 30. Qe4 Rg8 1-0

[Event "XIII MIEDZYNARODOWY FESTIWAL SZACHOWY PERLA BALTYKU - GRUPA A"]
[Site "LAZY - OW BRYZA"]
[Date "1899-12-30"]
[Round "6.13"]
[White "Kostecka, Marika"]
[Black "Mazalon, Mariusz"]
[Result "0-1"]
[WhiteTitle "I++"]
[BlackTitle "k"]
[WhiteElo "1809"]
[BlackElo "2050"]

1. e4 c5 2. Nf3 d6 3. d4 cxd4 4. Nxd4 Nf6 5. Nc3 a6 6. f3 e5 7. Nb3 Be6 8. Be3
Be7 9. Qd2 O-O 10. O-O-O a5 11. Qe1 a4 12. Nc5 a3 13. b3 Na6 14. Nxe6 fxe6 15.
g4 Nb4 16. Kb1 Qc7 17. g5 Nh5 18. Bc4 Nf4 19. Nb5 Qa5 20. Qf2 Ra6 21. Na7 b5 22.
Bxb5 Rxa7 23. Bxa7 Qxb5 24. Qb6 Qxb6 25. Bxb6 Ne2 26. Rd2 Nc3+ 27. Ka1 Rxf3 28.
Ba5 d5 29. exd5 exd5 30. h4 Kf7 31. Bc7 Ke6 32. Re1 e4 33. Ba5 Bd6 34. Bxb4 Bxb4
35. Rd4 Bc5 36. Rd3 Rf2 37. Rxc3 0-1

[Event "XIII MIEDZYNARODOWY FESTIWAL SZACHOWY PERLA BALTYKU - GRUPA A"]
[Site "LAZY - OW BRYZA"]
[Date "1899-12-30"]
[Round "6.14"]
[White "Ciesielski, Jan"]
[Black "Bartoszewicz, Marcin"]
[Result "1/2-1/2"]
[WhiteTitle "II+"]
[BlackTitle "I++"]
[WhiteElo "1669"]
[BlackElo "1915"]

1. d4 Nf6 2. c4 g6 3. Nc3 Bg7 4. Nf3 O-O 5. e4 d6 6. Be2 e5 7. d5 Nbd7 8. Bg5 h6
9. Bd2 Nc5 10. Qc2 a5 11. O-O Nfd7 12. Ne1 f5 13. f3 Nf6 14. Nd3 b6 15. Nxc5 bxc5
16. Bd3 Nh5 17. exf5 gxf5 18. f4 exf4 19. Ne2 Qh4 20. Bxf4 Nxf4 21. Rxf4 Qg5 22.
h4 Qe7 23. g3 Be5 24. Rf3 Qg7 25. Raf1 f4 26. Nxf4 Bd4+ 27. Kg2 Bg4 28. Ne6 Bxf3+
29. Rxf3 Rxf3 30. Kxf3 Qf6+ 31. Kg2 Bxb2 32. Bf5 Be5 33. Qe4 Rb8 34. Nxc7 Rb2+
35. Kh3 Qg7 36. Qf3 Rxa2 37. Ne8 Qe7 38. Qg4+ Bg7 39. Qg6 Rf2 40. Nxg7 Qxg7 41.
Qe8+ Qf8 42. Qg6+ 1/2-1/2

[Event "XIII MIEDZYNARODOWY FESTIWAL SZACHOWY PERLA BALTYKU - GRUPA A"]
[Site "LAZY - OW BRYZA"]
[Date "1899-12-30"]
[Round "6.15"]
[White "Losinska, Aleksandra"]
[Black "Kosiba, Marcin"]
[Result "0-1"]
[WhiteTitle "I"]
[BlackTitle "II"]
[WhiteElo "1551"]
[BlackElo "1832"]

1. e4 Nc6 2. Nf3 f5 3. exf5 d5 4. d4 Bxf5 5. Bb5 e6 6. O-O Bd6 7. Re1 Nf6 8. Bxc6+
bxc6 9. Nh4 O-O 10. Nxf5 exf5 11. Nd2 Bxh2+ 12. Kxh2 Ng4+ 13. Kg1 Qh4 14. Nf3
Qxf2+ 15. Kh1 Rae8 16. Rf1 Qg3 17. Bd2 Nf2+ 18. Rxf2 Qxf2 19. Qg1 Qg3 20. Qh2
Qg4 21. Qh4 Re2 22. Re1 0-1

[Event "XIII MIEDZYNARODOWY FESTIWAL SZACHOWY PERLA BALTYKU - GRUPA A"]
[Site "LAZY - OW BRYZA"]
[Date "1899-12-30"]
[Round "6.16"]
[White "Pisarek, Elzbieta"]
[Black "Przerwa, Waldemar"]
[Result "0-1"]
[WhiteTitle "I"]
[BlackTitle "I"]
[WhiteElo "1397"]
[BlackElo "1780"]

1. e4 e6 2. d4 d5 3. Nd2 Nf6 4. e5 Nfd7 5. Bd3 c5 6. c3 Nc6 7. Ne2 Be7 8. Nf3 O-O
9. O-O cxd4 10. cxd4 f6 11. exf6 Nxf6 12. Re1 Bd6 13. Ng3 Qc7 14. Bd2 Bd7 15.
Rc1 Rae8 16. Ne5 Qb6 17. Bc3 Bxe5 18. dxe5 d4 19. exf6 dxc3 20. Bxh7+ Kxh7 21.
Qxd7 Rxf6 22. Qxe8 Qxf2+ 23. Kh1 cxb2 24. Rb1 Qc2 25. Qh5+ Kg8 26. Qe2 Rf2 27.
Qxe6+ Kh8 28. Qe8+ Kh7 29. Qe4+ Kg8 30. Qxc2 Rxc2 31. h3 Na5 32. Kh2 Nc4 33. Rbd1
Nd2 34. Kg1 b5 35. Nf1 Nc4 36. Rd8+ Kh7 37. Rdd1 a5 38. Kh2 b4 39. Kg3 a4 40.
Rb1 a3 41. Ne3 Rc3 42. Kf4 Nd2 43. Rbd1 b3 44. axb3 a2 45. b4 Nb3 46. b5 Nc1 47.
b6 a1=Q 0-1

[Event "XIII MIEDZYNARODOWY FESTIWAL SZACHOWY PERLA BALTYKU - GRUPA A"]
[Site "LAZY - OW BRYZA"]
[Date "1899-12-30"]
[Round "6.17"]
[White "Zerafa, Patrick"]
[Black "Straszewski, Tomasz"]
[Result "1/2-1/2"]
[WhiteTitle "CM"]
[BlackTitle "II+"]
[WhiteElo "2046"]
[BlackElo "1672"]

1. d4 Nf6 2. c4 e6 3. Nf3 d5 4. e3 Be7 5. Nc3 O-O 6. Bd3 Nbd7 7. O-O b6 8. b3 Bb7
9. Bb2 c5 10. Qe2 Rc8 11. Rac1 Nb8 12. Rfd1 Nc6 13. Bb1 Ba6 14. Nb5 cxd4 15. exd4
dxc4 16. bxc4 Bxb5 17. cxb5 Nb4 18. Ne5 Nd7 19. Nc6 Nxc6 20. bxc6 Nf6 21. Bd3
Qd6 22. Bb5 Nd5 23. g3 Bf6 24. Rd3 Be7 25. Qe5 Qxe5 26. dxe5 Bc5 27. Ba3 Bxa3
28. Rxa3 a5 29. Rb3 Rc7 30. a3 Ra8 31. Rc4 Kf8 32. Kg2 Ke8 33. Rh4 h6 34. Rg4
g6 35. Rh4 h5 36. Rc4 Ne7 37. Rf3 Rd8 1/2-1/2

[Event "XIII MIEDZYNARODOWY FESTIWAL SZACHOWY PERLA BALTYKU - GRUPA A"]
[Site "LAZY - OW BRYZA"]
[Date "1899-12-30"]
[Round "6.18"]
[White "Bochniak, Jakub"]
[Black "Gorkiewicz, Mateusz"]
[Result "0-1"]
[WhiteTitle "III"]
[BlackTitle "II+"]
[WhiteElo "1352"]
[BlackElo "1764"]

1. e4 e5 2. d4 exd4 3. Qxd4 Nc6 4. Qd1 Bc5 5. Bb5 Qh4 6. Qe2 Nd4 7. Nf3 Nxe2 8.
Nxh4 Nxc1 9. Nc3 c6 10. Ba4 b5 11. Bxb5 cxb5 12. Nxb5 Rb8 13. Nc7+ Kd8 14. Nd5
Rxb2 15. Rxc1 Ne7 16. O-O Nxd5 17. exd5 Bb7 18. Rfd1 Re8 19. d6 Re2 20. Kh1 Bxf2
21. Nf5 g6 22. Nh6 Be3 23. Ng8 Bxg2# 0-1

[Event "XIII MIEDZYNARODOWY FESTIWAL SZACHOWY PERLA BALTYKU - GRUPA A"]
[Site "LAZY - OW BRYZA"]
[Date "1899-12-30"]
[Round "6.19"]
[White "Grzesik, Gracjan"]
[Black "Zabron, Maksym"]
[Result "1/2-1/2"]
[WhiteTitle "I"]
[BlackTitle "I"]
[WhiteElo "1712"]
[BlackElo "1625"]

1. e4 c6 2. d4 d5 3. e5 Bf5 4. Bd3 Bxd3 5. Qxd3 e6 6. Ne2 c5 7. c3 Ne7 8. Ng3 Nec6
9. Be3 Nd7 10. a3 Qb6 11. b4 cxb4 12. cxb4 Rc8 13. O-O Be7 14. Nd2 O-O 15. Rab1
f5 16. f4 Qd8 17. Rfe1 a6 18. Nb3 b5 19. Nf1 Nb6 20. Nfd2 Nc4 21. Nc5 Bxc5 22.
dxc5 1/2-1/2

[Event "XIII MIEDZYNARODOWY FESTIWAL SZACHOWY PERLA BALTYKU - GRUPA A"]
[Site "LAZY - OW BRYZA"]
[Date "1899-12-30"]
[Round "6.20"]
[White "Karpinski, Andrzej"]
[Black "Pietras, Maksymilian"]
[Result "1/2-1/2"]
[WhiteTitle "I"]
[BlackTitle "II+"]
[WhiteElo "1658"]
[BlackElo "1615"]

1. e4 c5 2. Nf3 Nc6 3. d4 cxd4 4. Nxd4 Nf6 5. Nc3 e5 6. Ndb5 d6 7. Nd5 Nxd5 8.
exd5 Nb8 9. c4 a6 10. Nc3 Bf5 11. Be2 Nd7 12. O-O Be7 13. Be3 Bg5 14. Qd2 Bxe3
15. Qxe3 O-O 16. f3 Rc8 17. Ne4 Qc7 18. Rac1 a5 19. b3 Bxe4 20. fxe4 Qc5 21. Qxc5
Nxc5 22. Bg4 Rb8 1/2-1/2

[Event "XIII MIEDZYNARODOWY FESTIWAL SZACHOWY PERLA BALTYKU - GRUPA A"]
[Site "LAZY - OW BRYZA"]
[Date "1899-12-30"]
[Round "6.21"]
[White "Kukula, Karol"]
[Black "Wolaniecki, Patryk"]
[Result "1/2-1/2"]
[WhiteTitle "I"]
[BlackTitle "I"]
[WhiteElo "1656"]
[BlackElo "1597"]

1. e4 c5 2. Nf3 Nc6 3. Bb5 e6 4. O-O Nge7 5. Nc3 a6 6. Bxc6 Nxc6 7. d4 cxd4 8.
Nxd4 Bc5 9. Nxc6 bxc6 10. e5 O-O 11. Ne4 Be7 12. Be3 f5 13. Nd6 Bxd6 14. Qxd6
f4 15. Bc5 Rf5 16. f3 h6 17. Rad1 Qg5 18. Rfe1 Qg6 19. Rd2 Qe8 20. Re4 g5 21.
Rdd4 a5 22. Qc7 Rf7 23. Rd6 Rf5 24. a4 Qg6 25. Qd8+ Kg7 26. Red4 Rf7 27. Rd3 Qf5
28. Rxd7 Rxd7 29. Rxd7+ Bxd7 30. Qxa8 Qxe5 31. Qf8+ Kh7 32. Qe7+ Kg6 33. h3 Qe1+
34. Kh2 Qg3+ 35. Kh1 Qe1+ 36. Bg1 Qd1 37. Qd8 Qd2 38. c3 Kh5 39. Qg8 Kh4 1/2-1/2

[Event "XIII MIEDZYNARODOWY FESTIWAL SZACHOWY PERLA BALTYKU - GRUPA A"]
[Site "LAZY - OW BRYZA"]
[Date "1899-12-30"]
[Round "6.22"]
[White "Rejniak, Zuzanna"]
[Black "Wojcik, Jagoda"]
[Result "1/2-1/2"]
[WhiteTitle "I+"]
[BlackTitle "I+"]
[WhiteElo "1628"]
[BlackElo "1730"]

1. e4 e5 2. Nf3 Nf6 3. Nxe5 d6 4. Nf3 Nxe4 5. Nc3 Nxc3 6. dxc3 Be7 7. Be3 Nc6 8.
Qd2 Be6 9. Be2 O-O 10. h3 Ne5 11. Nxe5 dxe5 12. Qxd8 Raxd8 13. O-O f5 14. f3 f4
15. Bf2 Bf5 16. Bc4+ Kh8 17. Bb3 Rd2 18. Rad1 Rfd8 19. Rxd2 Rxd2 20. Re1 Bf6 21.
Bd4 Bh4 22. g3 Bxg3 23. Rxe5 Rd1+ 24. Kg2 Rd2+ 25. Kg1 1/2-1/2

[Event "XIII MIEDZYNARODOWY FESTIWAL SZACHOWY PERLA BALTYKU - GRUPA A"]
[Site "LAZY - OW BRYZA"]
[Date "1899-12-30"]
[Round "6.23"]
[White "Plocica, Krzysztof"]
[Black "Wysocki, Mieczyslaw"]
[Result "1/2-1/2"]
[WhiteTitle "II"]
[BlackTitle "I"]
[WhiteElo "1439"]
[BlackElo "1702"]

1. e4 e5 2. Nf3 d6 3. d4 exd4 4. Nxd4 Nf6 5. Nc3 Be7 6. Be2 Nc6 7. Nxc6 bxc6 8.
O-O O-O 9. Bf4 Bb7 10. Re1 h6 11. Bf3 Nh7 12. h3 Ng5 13. Bg4 Ne6 14. Bh2 Rb8 15.
Ne2 Bf6 16. Rb1 c5 17. Nc3 Re8 18. Nd5 Bxd5 19. exd5 Ng5 20. c3 Rxe1+ 21. Qxe1
Qe8 22. Qd2 Qe4 23. Rd1 Re8 24. Bf4 Qg6 25. Re1 Rxe1+ 26. Qxe1 h5 27. Bxg5 hxg4
28. h4 Bxg5 29. hxg5 Kf8 30. Qc1 Qf5 31. c4 Kg8 32. Qe1 Kh7 33. Qa5 Qb1+ 34. Kh2
Qxb2 35. Qxa7 Qe5+ 36. g3 Qe2 37. Kg1 Qxc4 38. Qxc7 Qxd5 39. a4 Qd1+ 40. Kg2 Qxa4
41. Qxf7 Qe4+ 42. Kg1 c4 43. Qh5+ Kg8 44. g6 Qe1+ 45. Kg2 Qe5 46. Qxg4 Qd5+ 47.
Kg1 Kf8 48. Qd7 Qd1+ 1/2-1/2

[Event "XIII MIEDZYNARODOWY FESTIWAL SZACHOWY PERLA BALTYKU - GRUPA A"]
[Site "LAZY - OW BRYZA"]
[Date "1899-12-30"]
[Round "6.24"]
[White "Zamarska, Sylwia"]
[Black "Kabacinski, Krzysztof"]
[Result "1-0"]
[WhiteTitle "I++"]
[BlackTitle "II"]
[WhiteElo "1622"]
[BlackElo "1556"]

1. d4 f5 2. c4 Nf6 3. Nc3 g6 4. Nf3 Bg7 5. g3 O-O 6. Bg2 d6 7. O-O c6 8. Bf4 Nbd7
9. Qd2 Qe8 10. Bh6 e5 11. Bxg7 Kxg7 12. dxe5 dxe5 13. Qd6 e4 14. Nd4 Nb6 15. b3
Rf7 16. e3 Bd7 17. a4 Rd8 18. a5 Nc8 19. Qa3 a6 20. Na4 Qe5 21. Nc5 Nd6 22. Rfd1
Nfe8 23. Rd2 Kg8 24. Rad1 g5 25. Qb4 h5 26. Nxb7 Rb8 27. Qc5 Qxc5 28. Nxc5 Nb7
29. Nxd7 Rxd7 30. Nxc6 Rxd2 31. Rxd2 Ra8 32. b4 Kf8 33. c5 Rc8 34. Ne5 Nf6 35.
Bf1 Nxc5 36. bxc5 Rxc5 37. Nd7+ Nxd7 38. Rxd7 Rxa5 39. Ra7 Ra1 40. Rxa6 Rxa6 41.
Bxa6 Kf7 42. Kf1 Kf6 43. Ke2 Ke5 44. Bc4 f4 45. exf4+ gxf4 46. Bf7 h4 47. gxh4
e3 48. f3 Kf6 49. Be8 Ke7 50. Bb5 Ke6 51. Kd3 Kd5 52. h5 1-0

[Event "XIII MIEDZYNARODOWY FESTIWAL SZACHOWY PERLA BALTYKU - GRUPA A"]
[Site "LAZY - OW BRYZA"]
[Date "1899-12-30"]
[Round "6.25"]
[White "Pisarek, Jan"]
[Black "Starosta, Martyna"]
[Result "1/2-1/2"]
[WhiteTitle "II"]
[BlackTitle "WCM"]
[WhiteElo "1318"]
[BlackElo "1591"]

1. e4 c5 2. Nf3 e6 3. d4 cxd4 4. Nxd4 Nf6 5. Nc3 Nc6 6. Ndb5 Bb4 7. a3 Bxc3+ 8.
Nxc3 d5 9. exd5 exd5 10. Bd3 O-O 11. O-O d4 12. Ne4 Bf5 13. Bg5 Bxe4 14. Bxe4
Qd6 15. Bd3 Qe5 16. Bxf6 Qxf6 17. Re1 Rfe8 18. Qd2 h6 19. h3 Rad8 20. Rad1 a6
21. Re4 Rxe4 22. Bxe4 Qe7 23. Re1 Qc5 24. Rd1 Qb6 25. Bxc6 bxc6 26. Qb4 Qa7 27.
Qc4 c5 28. b4 cxb4 29. axb4 Qb6 30. c3 dxc3 31. Rxd8+ Qxd8 32. Qxc3 Qd1+ 33. Kh2
Qd6+ 34. Kg1 Kf8 35. Qe1 Qd4 36. Kf1 Qc4+ 37. Kg1 Qd4 38. Kf1 g6 39. Kg1 Kg7 40.
g3 h5 41. h4 Kf6 42. Kg2 Qd5+ 43. Kg1 Qd4 44. Kg2 Kf5 45. Kg1 Qe4 46. Qd2 Qc4
47. Qd7+ Ke4 48. Qd2 Ke5 49. Kh2 Qd4 50. Qe2+ Kf5 51. Qe1 Qe4 52. Qd2 Qc4 53.
Qd7+ Ke4 54. Qd2 Ke5 55. Kg1 f5 56. Kh2 f4 57. Qe1+ Kf5 58. Qb1+ Qe4 59. Qb2 f3
60. b5 axb5 61. Qxb5+ Kf6 62. Qb6+ Qe6 63. Qd8+ Kf7 64. Qc7+ Qe7 1/2-1/2

[Event "XIII MIEDZYNARODOWY FESTIWAL SZACHOWY PERLA BALTYKU - GRUPA A"]
[Site "LAZY - OW BRYZA"]
[Date "1899-12-30"]
[Round "6.26"]
[White "Zadkowski, Zbigniew"]
[Black "Szeliga, Sebastian"]
[Result "0-1"]
[WhiteTitle "II"]
[BlackTitle "II"]
[WhiteElo "1584"]
[BlackElo "1310"]

1. e4 c5 2. Nf3 a6 3. d4 cxd4 4. Nxd4 Nf6 5. Nc3 e5 6. Nf5 d6 7. Ne3 Be6 8. Bc4
Bxc4 9. Nxc4 Be7 10. Be3 Nc6 11. Nb6 Rb8 12. Nbd5 b5 13. b4 O-O 14. O-O Qd7 15.
Nxf6+ Bxf6 16. Nd5 Bd8 17. f4 Rb7 18. f5 Ne7 19. Nf6+ gxf6 20. Bh6 Re8 21. Qg4+
Ng6 22. Rf3 Be7 23. Rh3 Bf8 24. Qh5 Bxh6 25. Qxh6 Nf4 26. Rg3+ Ng6 27. Rd1 Qc6
28. Qe3 Qb6 29. Kf2 Kf8 30. fxg6 fxg6 31. Ke2 Qxe3+ 32. Rxe3 Ke7 33. Rc3 Rd8 34.
Rc6 Ra7 35. Rd3 Rdd7 36. Kd2 f5 37. Re3 Rdc7 38. Rxc7+ Rxc7 39. Kd3 Ke6 40. a3
Rc4 41. c3 fxe4+ 42. Rxe4 Rxe4 43. Kxe4 d5+ 44. Ke3 Kf5 45. Kf3 h5 46. g3 Kg5
47. Ke3 Kf6 48. Kd3 Kf5 0-1

[Event "XIII MIEDZYNARODOWY FESTIWAL SZACHOWY PERLA BALTYKU - GRUPA A"]
[Site "LAZY - OW BRYZA"]
[Date "1899-12-30"]
[Round "6.27"]
[White "Budrewicz, Henryk"]
[Black "Bucko, Wieslaw"]
[Result "0-1"]
[WhiteTitle "I"]
[BlackTitle "II"]
[WhiteElo "1488"]
[BlackElo "1549"]

1. d4 d5 2. e3 Nf6 3. Bd3 Bg4 4. Nf3 e6 5. Nbd2 Nbd7 6. h3 Bh5 7. g4 Bg6 8. Ne5
Bd6 9. f4 Ne4 10. O-O f5 11. Ndf3 Be7 12. Nxd7 Qxd7 13. Ne5 Qd8 14. Bxe4 dxe4
15. Qe2 c6 16. Qc4 Qd5 17. Qe2 O-O-O 18. c4 Qd6 19. g5 Be8 20. a3 g6 21. b4 h6
22. h4 Qc7 23. c5 Rh7 24. Bd2 Bf7 25. Rfc1 Rdh8 26. Qc4 Be8 27. Qxe6+ Kb8 28.
Kg2 Qd8 29. Rh1 hxg5 30. hxg5 Bxg5 31. Rxh7 Rxh7 32. Rh1 Rxh1 33. Kxh1 Bf6 34.
Kg2 a6 35. a4 Ka7 36. Bc3 Qe7 37. Qxe7 Bxe7 38. Kh3 Bd8 39. a5 g5 40. Kg3 Kb8
41. Nc4 g4 42. Bd2 Kc7 43. Nd6 Bg6 44. Nc4 Bf7 45. Nd6 Be6 46. Ne8+ Kb8 47. Nd6
Be7 48. Be1 Kc7 49. Ne8+ Kd8 50. Ng7 Bc8 51. Kg2 Bf6 52. Nh5 Ke7 53. Bd2 Bh8 54.
Ng3 Ke6 55. Ne2 Kd5 56. Nc3+ Kc4 57. Na4 Kd3 58. Nb6 Be6 59. Be1 Kxe3 60. Bf2+
Kd3 61. Na8 Bxd4 62. Bxd4 Kxd4 63. Nc7 Bc4 64. Ne8 e3 65. Nd6 Bd3 66. Nxb7 e2
67. Kf2 g3+ 68. Kxg3 e1=Q+ 69. Kf3 Be2+ 70. Kg2 Qf1+ 71. Kg3 Qg1+ 72. Kh3 Qg4+
73. Kh2 0-1

[Event "XIII MIEDZYNARODOWY FESTIWAL SZACHOWY PERLA BALTYKU - GRUPA A"]
[Site "LAZY - OW BRYZA"]
[Date "1899-12-30"]
[Round "6.28"]
[White "Bialek, Alicja"]
[Black "Dluzynski, Krzysztof"]
[Result "0-1"]
[WhiteTitle "I"]
[BlackTitle "II"]
[WhiteElo "1367"]
[BlackElo "1547"]

1. e4 c6 2. d4 d5 3. Nc3 dxe4 4. Nxe4 Bf5 5. Ng3 Bg6 6. h4 h6 7. Nf3 Nd7 8. h5
Bh7 9. Bd3 Bxd3 10. Qxd3 e6 11. Bd2 Ngf6 12. O-O-O Qc7 13. Ne4 Be7 14. Bc3 Qf4+
15. Ned2 Ng4 16. g3 Qc7 17. Qe2 Ndf6 18. Ne5 Nxe5 19. dxe5 Nd5 20. Ne4 b5 21.
f4 b4 22. Bd4 Qa5 23. Qc4 O-O 24. Rdf1 c5 25. Bg1 Nb6 26. Qb3 c4 27. Bxb6 Qd5
28. Qe3 axb6 29. g4 Rxa2 30. Nd2 Rd8 31. Nb1 Qa5 32. g5 Ra1 33. gxh6 Qa2 34. hxg7
Rxb1# 0-1

[Event "XIII MIEDZYNARODOWY FESTIWAL SZACHOWY PERLA BALTYKU - GRUPA A"]
[Site "LAZY - OW BRYZA"]
[Date "1899-12-30"]
[Round "7.1"]
[White "Swiech, Przemyslaw"]
[Black "Kaczmarek, Aleksander"]
[Result "1/2-1/2"]
[WhiteTitle "I++"]
[BlackTitle "FM"]
[WhiteElo "2176"]
[BlackElo "2363"]

1. e4 c6 2. d4 d5 3. Nd2 dxe4 4. Nxe4 Nd7 5. c4 Ngf6 6. Nc3 Qc7 7. Nf3 e6 8. g3
Bd6 9. c5 Be7 10. Bf4 Qd8 11. b4 O-O 12. Bd3 b6 13. O-O a5 14. a3 axb4 15. axb4
Rxa1 16. Qxa1 bxc5 17. bxc5 Nxc5 18. Bxh7+ Kxh7 19. dxc5 Bxc5 20. Ne5 Nd5 21.
Nxc6 Qb6 22. Nxd5 exd5 23. Qb1+ Qxb1 24. Rxb1 Re8 25. Rc1 Ba3 26. Ra1 Bb2 27.
Rb1 Bf6 28. Be3 Bg4 29. Bd4 Bxd4 30. Nxd4 Re4 31. Nc2 Re2 32. Rc1 Rd2 33. Ne3
Bf3 34. Kf1 d4 35. Nc4 Ra2 36. Ne5 Be2+ 37. Ke1 d3 38. Rc3 Ra1+ 39. Kd2 Rf1 40.
Ke3 d2 41. Kxd2 Rxf2 42. Ke1 Rf5 43. Nxf7 Rxf7 1/2-1/2

[Event "XIII MIEDZYNARODOWY FESTIWAL SZACHOWY PERLA BALTYKU - GRUPA A"]
[Site "LAZY - OW BRYZA"]
[Date "1899-12-30"]
[Round "7.2"]
[White "Mielczarski, Miroslaw"]
[Black "Sygulski, Pawel"]
[Result "1/2-1/2"]
[WhiteTitle "k"]
[BlackTitle "k"]
[WhiteElo "2095"]
[BlackElo "2143"]

1. d4 d5 2. Nf3 Nf6 3. c4 e6 4. Nc3 c6 5. e3 Nbd7 6. Qc2 Bd6 7. b3 O-O 8. Be2 Re8
9. O-O Qe7 10. Bb2 dxc4 11. Bxc4 e5 12. Ng5 Rf8 13. Nce4 Nxe4 14. Nxe4 Bc7 15.
Rfd1 Nb6 16. dxe5 Nxc4 17. Qxc4 Bxe5 18. Bxe5 Qxe5 19. Qd4 Qxd4 20. Rxd4 b6 21.
Rad1 c5 22. Rd6 h6 23. Kf1 Be6 24. Nc3 Rfc8 25. Ke2 Kf8 26. e4 Ke7 27. Ke3 Rd8
28. Rxd8 Rxd8 29. Rxd8 Kxd8 30. f4 f6 31. f5 Bd7 32. Kf4 Ke7 33. e5 Bc6 34. g4
fxe5+ 35. Kxe5 Bf3 36. h3 Bc6 37. h4 Bf3 38. g5 hxg5 39. hxg5 Bc6 40. a4 Bf3 41.
Nb5 a6 42. Nc3 Kf7 43. Nd5 b5 44. Nc3 c4 45. bxc4 b4 46. Nb1 a5 47. Nd2 Bc6 48.
c5 Bxa4 49. Nc4 b3 50. Kd6 Bb5 51. Na3 Bd3 52. f6 gxf6 53. gxf6 b2 54. c6 1/2-1/2

[Event "XIII MIEDZYNARODOWY FESTIWAL SZACHOWY PERLA BALTYKU - GRUPA A"]
[Site "LAZY - OW BRYZA"]
[Date "1899-12-30"]
[Round "7.3"]
[White "Sernecki, Franciszek"]
[Black "Hilarecki, Grzegorz"]
[Result "1-0"]
[WhiteTitle "I"]
[BlackTitle "k"]
[WhiteElo "2039"]
[BlackElo "2105"]

1. d4 Nf6 2. Nf3 c5 3. e3 g6 4. dxc5 Qa5+ 5. Nbd2 Qxc5 6. a3 d5 7. b4 Qb6 8. Bb2
Bg7 9. Be2 O-O 10. c4 Rd8 11. Qb3 Be6 12. O-O Nbd7 13. Rac1 Nf8 14. Nd4 Rd7 15.
c5 Qd8 16. Bb5 Rc7 17. c6 Rac8 18. cxb7 Rxb7 19. Nxe6 Nxe6 20. Rxc8 Qxc8 21. Ba6
Qb8 22. Bxb7 Qxb7 23. Rc1 h5 24. Qc2 Qb5 25. Nf3 a5 26. Qc6 Qd3 27. bxa5 h4 28.
a6 1-0

[Event "XIII MIEDZYNARODOWY FESTIWAL SZACHOWY PERLA BALTYKU - GRUPA A"]
[Site "LAZY - OW BRYZA"]
[Date "1899-12-30"]
[Round "7.4"]
[White "Wozniak, Mariola"]
[Black "Budnik, Mateusz"]
[Result "1/2-1/2"]
[WhiteTitle "WIM"]
[BlackTitle "I++"]
[WhiteElo "2204"]
[BlackElo "1989"]

1. e4 c6 2. d4 d5 3. Nc3 g6 4. Bf4 Bg7 5. Nf3 dxe4 6. Nxe4 Nf6 7. Nxf6+ Bxf6 8.
Qd2 Nd7 9. Bc4 Nb6 10. Bb3 O-O 11. Bh6 Bg7 12. h4 Bg4 13. Bxg7 Kxg7 14. Ne5 h5
15. Nxg4 hxg4 16. h5 Rh8 17. O-O-O Qd6 18. h6+ Kf8 19. Rde1 Nd5 20. Bxd5 Qxd5
21. Qf4 Rd8 22. c3 Rh7 23. Qxg4 Qxa2 24. Qg5 Re8 25. f4 b6 26. f5 Qa5 27. g4 e6
28. Rhf1 Qd5 29. Qf6 gxf5 30. g5 Qd8 31. Qe5 Qxg5+ 32. Kb1 Rxh6 33. Rg1 Qf6 34.
Qd6+ Qe7 35. Qg3 Rg6 36. Qh2 Qf6 37. Qd6+ Kg7 38. Qxc6 Rh8 39. Qc7 f4 40. Rxg6+
Qxg6+ 41. Ka2 Rh5 1/2-1/2

[Event "XIII MIEDZYNARODOWY FESTIWAL SZACHOWY PERLA BALTYKU - GRUPA A"]
[Site "LAZY - OW BRYZA"]
[Date "1899-12-30"]
[Round "7.5"]
[White "Tustanowski, Mateusz"]
[Black "Nowak, Mikolaj"]
[Result "1-0"]
[WhiteTitle "I++"]
[BlackTitle "I++"]
[WhiteElo "1916"]
[BlackElo "2080"]

1. e4 e5 2. Nf3 Nc6 3. Bc4 Bc5 4. d3 Nf6 5. Nc3 a6 6. Bg5 d6 7. Nd5 Be6 8. Bxf6
gxf6 9. Nh4 b5 10. Bb3 Nd4 11. Ne3 Qd7 12. c3 Nxb3 13. axb3 Bxe3 14. fxe3 Bg4
15. Qc2 d5 16. h3 Be6 17. Qf2 dxe4 18. Qxf6 Rg8 19. dxe4 Qd3 20. Kf2 Qxe4 21.
Rhd1 Bd5 22. g4 Rd8 23. Rxa6 h5 24. Nf5 Qg2+ 25. Ke1 Qg1+ 26. Kd2 Qf2+ 27. Kc1
1-0